000
00330nam a22001337a 4500
008
170530b xxu||||| |||| 00| 0 eng d
020
_a
9780674925960
041
_a
eng
080
_a
94(7/8)
100
_a
16
101
_a
SHH
245
_a
THE UNITED STATES AND LATIN AMERICA THE NEW AGENDA
_c
BULMER.V
942
_2
udc
_c
BK
999
_c
14998
_d
14998